000
00332nam a2200157Ia 4500
003
Ost
005
20260225132552.0
008
260225s9999||||xx |||||||||||||| ||und||
040
_c
fsic
041
_a
fre
082
_a
440
100
_a
C.Normand
_e
Auteur
245
0
_a
Avant sanssure /
245
0
_c
C.Normand
942
_c
كتاب
999
_c
34241
_d
34241